Jeeshampa avara janapada barahagalu (Record no. 104948)

MARC details
000 -LEADER
fixed length control field 01316nam a2200241Ia 4500
003 - CONTROL NUMBER IDENTIFIER
control field OSt
005 - DATE AND TIME OF LATEST TRANSACTION
control field 20260606120754.0
008 - FIXED-LENGTH DATA ELEMENTS--GENERAL INFORMATION
fixed length control field 210210b2000 xxu||||| |||| 00| 0 eng d
040 ## - CATALOGING SOURCE
Transcribing agency AL
041 ## - LANGUAGE CODE
Language code of text/sound track or separate title Kannada
082 ## - DEWEY DECIMAL CLASSIFICATION NUMBER
Classification number 398.2K KALG
100 ## - MAIN ENTRY--PERSONAL NAME
Personal name KALEGAUDA NAGAVARA mattu AMBALIKE HIRIYANNA.
Dates associated with a name ಕಾಳೇಗೌಡ ನಾಗವಾರ ಮತ್ತು ಅಂಬಳಿಕೆ ಹಿರಿಯಣ್ಣ
9 (RLIN) 265428
245 ## - TITLE STATEMENT
Title Jeeshampa avara janapada barahagalu
Remainder of title ಜೀಶಂಪ ಅವರ ಜಾನಪದ ಬರಹಗಳು
260 ## - PUBLICATION, DISTRIBUTION, ETC.
Place of publication, distribution, etc. Bengaluru.
Name of publisher, distributor, etc. Karnataka Janapada mattu Yakshagana Akademi.,
Date of publication, distribution, etc. 2000
300 ## - PHYSICAL DESCRIPTION
Extent xix,593
520 ## - SUMMARY, ETC.
Expansion of summary note ಖ್ಯಾತ ಜಾನಪದ ತಜ್ಞರಾದ ಜೀ. ಶಂ. ಪರಮಶಿವಯ್ಯ (ಜೀಶಂಪ) ಅವರ ಮಹತ್ವದ ಜಾನಪದ ಲೇಖನಗಳು, ಸಂಶೋಧನೆಗಳು ಮತ್ತು ಬರಹಗಳ ಒಂದು ಸಮಗ್ರ ಸಂಕಲನ
650 ## - SUBJECT ADDED ENTRY--TOPICAL TERM
Topical term or geographic name entry element ಜಾನಪದ ಅಧ್ಯಯನ / ಸಂಶೋಧನಾತ್ಮಕ ಲೇಖನಗಳು
9 (RLIN) 265429
650 ## - SUBJECT ADDED ENTRY--TOPICAL TERM
Topical term or geographic name entry element ಜೀವರಹಳ್ಳಿ ಶಂಕರೇಗೌಡ ಪರಮಶಿವಯ್ಯ/PARAMASHIVAYYA (G Sham),
9 (RLIN) 265431
650 ## - SUBJECT ADDED ENTRY--TOPICAL TERM
Topical term or geographic name entry element Jeerahalli Shamkaragowda Paramashivayya
9 (RLIN) 265432
690 ## - LOCAL SUBJECT ADDED ENTRY--TOPICAL TERM (OCLC, RLIN)
Topical term or geographic name as entry element Folklore
9 (RLIN) 265430
906 ## - LOCAL DATA ELEMENT F, LDF (RLIN)
a 057751
942 ## - ADDED ENTRY ELEMENTS (KOHA)
Source of classification or shelving scheme Dewey Decimal Classification
Koha item type Book
Holdings
Withdrawn status Lost status Damaged status Not for loan Collection code Home library Current library Shelving location Date acquired Source of acquisition Cost, normal purchase price Total Checkouts Full call number Barcode Date last seen Price effective from Koha item type
          St Aloysius Library St Aloysius Library   02/17/2021 Karnataka Janapada Akademi, Bengaluru. 350.00   398.2K KALG 057751 02/17/2021 02/17/2021 Book